000 00439nam a2200181Ia 4500
003 OSt
005 20230627094141.0
008 210423s9999 xx 000 0 und d
040 _cAL
041 _aeng
082 _a170
_223
_bPELI
100 _aPELL (George).
_9112404
245 _aIssues of faith and morals.
260 _bSignatures Press
_aDubai
_c2002
365 _cINR
906 _afaith ; Issues ; morals.
942 _2ddc
_cBK
999 _c172801
_d172801